Statistics for Real Madrid Champions League Winner Starting XI

Click here to take the quiz!

General Stats

  • This quiz has been taken 59 times
  • The average score is 30 of 71

Answer Stats

Player % Correct
Luka Modrić
100%
Cristiano Ronaldo
100%
Toni Kroos
100%
Iker Casillas
98%
Karim Benzema
98%
Gareth Bale
98%
Raphaël Varane
98%
Sergio Ramos
98%
Keylor Navas
96%
Isco
96%
Pepe
96%
Marcelo
96%
Ángel Di María
94%
Casemiro
94%
Dani Carvajal
92%
Zinedine Zidane
92%
Raúl
90%
Sami Khedira
88%
Roberto Carlos
85%
Luís Figo
85%
Fernando Hierro
83%
Alfredo Di Stéfano
83%
Fábio Coentrão
79%
Ferenc Puskás
71%
Fernando Morientes
63%
Claude Makélélé
60%
Steve McManaman
56%
Clarence Seedorf
50%
Nicolas Anelka
48%
Míchel Salgado
46%
Iván Helguera
40%
Predrag Mijatović
38%
Bodo Illgner
35%
Francisco Gento
35%
Santiago Solari
33%
Fernando Redondo
31%
Christian Panucci
25%
Christian Karembeu
23%
Manolo Sanchís
17%
César
17%
Raymond Kopa
17%
Manuel Sanchís
17%
Juan Alonso
15%
Aitor Karanka
10%
Iván Campo
10%
Manuel Torres
10%
José Santamaría
6%
Miguel Muñoz
4%
Fernando Serena
4%
Héctor Rial
4%
Rogelio Domínguez
4%
Antonio Ruiz
4%
Pirri
4%
Marquitos
2%
María Zárraga
2%
Ramón Marsal
2%
Canário
2%
Juan Santisteban
2%
Luis del Sol
2%
José María Vidal
2%
Pachín
2%
Ramón Grosso
2%
Ignacio Zoco
2%
Pedro de Felipe
2%
José Araquistáin
2%
Amancio
2%
Enrique Mateos
0%
Ángel Atienza
0%
Rafael Lesmes
0%
Manuel Velázquez
0%
Joseíto
0%

Score Distribution

Percentile by Number Answered

Percent of People with Each Score

Your Score History

You have not taken this quiz